[Event "HUN-ch Seniors"]
[Site "Ajka"]
[Date "2009.06.26"]
[Round "6"]
[White "Bognarne, Cinolter"]
[Black "Hever, Janos"]
[Result "1/2-1/2"]
[WhiteElo "1939"]
[BlackElo "1834"]
[PlyCount "106"]
[EventDate "2009.06.22"]
[EventType "swiss"]
[EventRounds "9"]
[EventCountry "HUN"]
[SourceTitle "EXT 2011"]
[Source "ChessBase"]
[SourceDate "2010.11.26"]
[SourceVersion "1"]
[SourceVersionDate "2010.11.26"]
[SourceQuality "1"]

1. g3 Nf6 2. Bg2 g6 3. d4 d6 4. Nf3 Bg7 5. Nc3 c6 6. e4 Qc7 7. 0-0 e5 8. dxe5 dxe5 9. Qe2 0-0 10. Rd1 Bg4 11. h3 Be6 12. Ng5 Bd7 13. Be3 Na6 14. a3 h6 15. Nf3 c5 16. Nd5 Nxd5 17. exd5 Qc8 18. c3 b6 19. Ne1 Nb8 20. Kh2 Ba4 21. Rd2 Nd7 22. Qg4 Bb5 23. a4 Ba6 24. Nc2 Kh7 25. Qd1 Bb7 26. Na3 Ba6 27. c4 f5 28. f4 e4 29. Nb5 Bxb5 30. axb5 Nf6 31. Ra6 Qb7 32. b3 Rfd8 33. Rda2 Ne8 34. R6a4 Nd6 35. Bc1 Re8 36. Bb2 Bxb2 37. Rxb2 Qg7 38. Qa1 Re7 39. Re2 Qxa1 40. Rxa1 Kg7 41. Kg1 Kf6 42. Kf2 g5 43. Ke3 Kg6 44. Rea2 Rb7 45. Bf1 Rc7 46. Ra6 Rb7 47. Be2 gxf4+ 48. gxf4 Kf6 49. Rg1 Rg7 50. Raa1 Rag8 51. Rxg7 Rxg7 52. Kf2 Rc7 53. Rg1 Rg7 1/2-1/2

[Event "HUN-ch Seniors"]
[Site "Ajka"]
[Date "2009.06.25"]
[Round "5"]
[White "Szabo, Ervin"]
[Black "Bognarne, Cinolter"]
[Result "1-0"]
[WhiteElo "2071"]
[BlackElo "1939"]
[PlyCount "75"]
[EventDate "2009.06.22"]
[EventType "swiss"]
[EventRounds "9"]
[EventCountry "HUN"]
[SourceTitle "EXT 2011"]
[Source "ChessBase"]
[SourceDate "2010.11.26"]
[SourceVersion "1"]
[SourceVersionDate "2010.11.26"]
[SourceQuality "1"]

1. d4 d6 2. c4 c6 3. Nc3 Nf6 4. e4 Qc7 5. f3 Nbd7 6. Be3 e5 7. d5 Be7 8. Bd3 Nc5 9. Bc2 Bd7 10. Qd2 cxd5 11. cxd5 b5 12. b4 Nb7 13. Bd3 a6 14. Nge2 0-0 15. 0-0 Rfb8 16. Rfc1 Qd8 17. Rc2 Ne8 18. Nc1 g6 19. Qf2 Bf8 20. Nb3 Rc8 21. Bb6 Qg5 22. Be3 Qd8 23. a4 bxa4 24. Nxa4 Rxc2 25. Qxc2 Rc8 26. Qb2 Bb5 27. Bxb5 axb5 28. Nc3 Qd7 29. Ra7 Rb8 30. Na5 f5 31. Nc6 Rc8 32. Nxb5 f4 33. Bf2 Rxc6 34. dxc6 Qxc6 35. Nc3 Qc8 36. Nd5 g5 37. Qc3 Qb8 38. Qc6 1-0

[Event "HUN-ch Seniors"]
[Site "Ajka"]
[Date "2009.06.24"]
[Round "4"]
[White "Bognarne, Cinolter"]
[Black "Hardicsay, Peter"]
[Result "0-1"]
[WhiteElo "1939"]
[BlackElo "2284"]
[PlyCount "70"]
[EventDate "2009.06.22"]
[EventType "swiss"]
[EventRounds "9"]
[EventCountry "HUN"]
[SourceTitle "EXT 2011"]
[Source "ChessBase"]
[SourceDate "2010.11.26"]
[SourceVersion "1"]
[SourceVersionDate "2010.11.26"]
[SourceQuality "1"]

1. c4 e5 2. Nc3 Nf6 3. d3 d5 4. Bg5 d4 5. Nd5 Nxd5 6. Bxd8 Bb4+ 7. Qd2 Kxd8 8. cxd5 Na6 9. e4 Bd7 10. Ne2 Bxd2+ 11. Kxd2 c6 12. dxc6 Bxc6 13. Rc1 Ke7 14. g3 Kd6 15. Rb1 Rhf8 16. Bg2 f5 17. f3 fxe4 18. dxe4 Bb5 19. Rhc1 g5 20. g4 Rac8 21. Ng3 Bd7 22. Rxc8 Rxc8 23. b3 Nb4 24. Rb2 a5 25. a3 Na6 26. Bf1 Rc3 27. Bg2 Nc5 28. b4 Nd3 29. Ra2 Nf4 30. Bh1 axb4 31. axb4 Rb3 32. Kc2 Rxb4 33. Ra7 Ba4+ 34. Kc1 Nd3+ 35. Kd2 Rb2+ 0-1

[Event "HUN-ch Seniors"]
[Site "Ajka"]
[Date "2009.06.22"]
[Round "1"]
[White "Csala, Imre"]
[Black "Bognarne, Cinolter"]
[Result "1/2-1/2"]
[WhiteElo "2189"]
[BlackElo "1939"]
[PlyCount "62"]
[EventDate "2009.06.22"]
[EventType "swiss"]
[EventRounds "9"]
[EventCountry "HUN"]
[SourceTitle "EXT 2011"]
[Source "ChessBase"]
[SourceDate "2010.11.26"]
[SourceVersion "1"]
[SourceVersionDate "2010.11.26"]
[SourceQuality "1"]

1. d4 Nf6 2. c4 g6 3. Nf3 Bg7 4. Nc3 d6 5. e4 0-0 6. Be2 Nbd7 7. 0-0 c5 8. e5 dxe5 9. dxe5 Ng4 10. e6 Nde5 11. exf7+ Nxf7 12. Qb3 e6 13. h3 Nge5 14. Be3 Qe7 15. Nxe5 Nxe5 16. Ne4 b6 17. Rad1 Bb7 18. Bg5 Qc7 19. Nd6 Nf7 20. Nb5 Qe5 21. Be3 Qxb2 22. Qxb2 Bxb2 23. Nc7 Rac8 24. Nxe6 Rfe8 25. Nf4 Bg7 26. Rd7 Rb8 27. Rfd1 Bh6 28. Bf1 Re4 29. Nd5 Bxd5 30. R1xd5 Bxe3 31. fxe3 Rxe3 1/2-1/2

[Event "HUN-chT2 Maroczy 0405"]
[Site "Hungary"]
[Date "2004.09.26"]
[Round "1"]
[White "Bognarne, Cinolter"]
[Black "Farkas, Daniel"]
[Result "1/2-1/2"]
[WhiteElo "1980"]
[BlackElo "2035"]
[PlyCount "45"]
[EventDate "2004.09.26"]
[EventType "team"]
[EventRounds "11"]
[EventCountry "HUN"]
[SourceTitle "EXT 2008"]
[Source "ChessBase"]
[SourceDate "2007.11.25"]
[SourceVersion "1"]
[SourceVersionDate "2007.11.25"]
[SourceQuality "1"]
[WhiteTeam "Matra"]
[BlackTeam "Miskolc EMSE"]
[WhiteTeamCountry "HUN"]
[BlackTeamCountry "HUN"]

1. e4 c5 2. Nf3 Nc6 3. Bb5 g6 4. Nc3 Bg7 5. a3 Nf6 6. d3 0-0 7. 0-0 d6 8. h3 Nd7 9. Rb1 Nde5 10. Nxe5 Bxe5 11. Bh6 Bg7 12. Bxg7 Kxg7 13. f4 e6 14. Bc4 Nd4 15. Ne2 d5 16. Ba2 dxe4 17. dxe4 b6 18. c3 Nxe2+ 19. Qxe2 Qe7 20. Rfd1 Bb7 21. Rd2 Rad8 22. Rbd1 Rxd2 23. Rxd2 1/2-1/2

[Event "Gyongyos Matra Cup"]
[Site "Gyongyos"]
[Date "2004.07.30"]
[Round "4"]
[White "Bognarne, Cinolter"]
[Black "Jacso, Adam"]
[Result "0-1"]
[WhiteElo "1980"]
[BlackElo "2027"]
[PlyCount "104"]
[EventDate "2004.07.27"]
[EventType "swiss"]
[EventRounds "9"]
[EventCountry "HUN"]
[SourceTitle "EXT 2008"]
[Source "ChessBase"]
[SourceDate "2007.11.25"]
[SourceVersion "1"]
[SourceVersionDate "2007.11.25"]
[SourceQuality "1"]

1. Nf3 g6 2. d4 Bg7 3. c4 d6 4. Nc3 Nf6 5. g3 0-0 6. Bg2 Nbd7 7. 0-0 a6 8. Bd2 c5 9. d5 b5 10. Qc1 Nb6 11. cxb5 axb5 12. Nxb5 Nbxd5 13. Nc3 Bb7 14. Re1 Qb6 15. e3 Rfb8 16. a3 Bc6 17. Rb1 Qb7 18. Qd1 Nd7 19. Nxd5 Bxd5 20. Nh4 Ne5 21. Bxd5 Qxd5 22. Bc3 Qxd1 23. Rexd1 Nc4 24. Bxg7 Kxg7 25. Nf3 Rxb2 26. Rxb2 Nxb2 27. Ra1 Ra4 28. Nd2 Kf6 29. Kf1 Ke6 30. Ke2 Nc4 31. Nb1 d5 32. Kd3 Ne5+ 33. Kc3 c4 34. Ra2 Nd3 35. Rc2 Kd6 36. f4 f6 37. g4 e5 38. fxe5+ fxe5 39. g5 Kc5 40. Re2 Ra7 41. Ra2 d4+ 42. exd4+ exd4+ 43. Kc2 Re7 44. Ra1 Re2+ 45. Nd2 c3 46. Kxd3 Rxd2+ 47. Ke4 Kc4 48. a4 c2 49. a5 Rd1 50. Ra4+ Kb5 51. a6 c1Q 52. a7 Qc6+ 0-1

[Event "Gyongyos Matra Cup"]
[Site "Gyongyos"]
[Date "2004.07.28"]
[Round "2"]
[White "Antal, Attila"]
[Black "Bognarne, Cinolter"]
[Result "1-0"]
[WhiteElo "2075"]
[BlackElo "1980"]
[PlyCount "75"]
[EventDate "2004.07.27"]
[EventType "swiss"]
[EventRounds "9"]
[EventCountry "HUN"]
[SourceTitle "EXT 2008"]
[Source "ChessBase"]
[SourceDate "2007.11.25"]
[SourceVersion "1"]
[SourceVersionDate "2007.11.25"]
[SourceQuality "1"]

1. e4 d6 2. d4 c5 3. Nf3 cxd4 4. Qxd4 Bd7 5. Bc4 e6 6. Nc3 Nc6 7. Qd3 a6 8. Bg5 Qc7 9. Bb3 Nge7 10. 0-0-0 Ng6 11. h4 h6 12. Be3 Be7 13. g4 Nge5 14. Nxe5 dxe5 15. Bb6 Qxb6 16. Qxd7+ Kf8 17. Nd5 exd5 18. Qxd5 Nd8 19. Qxe5 Bf6 20. Qg3 Rc8 21. e5 Be7 22. Qf3 Qc7 23. Rd3 g6 24. Rhd1 Rh7 25. Rc3 Qb8 26. e6 Rxc3 27. bxc3 Qe5 28. exf7 Bxh4 29. Rd7 Bg5+ 30. Kb2 Qe1 31. Rd1 Qe7 32. Qd3 Rg7 33. f4 Bf6 34. Qh3 Nxf7 35. g5 hxg5 36. fxg5 Nxg5 37. Qh8+ Rg8 38. Qxg8# 1-0

[Event "HUN-ch Seniors"]
[Site "Ajka"]
[Date "2004.04.11"]
[Round "7"]
[White "Palla, Gyorgy"]
[Black "Bognarne, Cinolter"]
[Result "1-0"]
[WhiteElo "2100"]
[BlackElo "2021"]
[PlyCount "93"]
[EventDate "2004.04.08"]
[EventType "swiss"]
[EventRounds "7"]
[EventCountry "HUN"]
[SourceTitle "EXT 2008"]
[Source "ChessBase"]
[SourceDate "2007.11.25"]
[SourceVersion "1"]
[SourceVersionDate "2007.11.25"]
[SourceQuality "1"]

1. e4 c5 2. Nf3 Nc6 3. Bb5 e6 4. 0-0 Nge7 5. d4 cxd4 6. Nxd4 Qb6 7. Nxc6 Qxb5 8. Nd4 Qa5 9. Nc3 a6 10. Bf4 e5 11. Nb3 Qc7 12. Bg3 d6 13. f4 f6 14. Kh1 Be6 15. Nd5 Nxd5 16. exd5 Bf7 17. Qd2 Be7 18. c3 0-0 19. Qd3 Rac8 20. Nd2 Qc5 21. c4 b5 22. b3 bxc4 23. bxc4 Rc7 24. f5 Rfc8 25. Rab1 Qa5 26. Rb2 Qa4 27. Bf2 Qd7 28. Rfb1 Bf8 29. g4 g6 30. Rb6 a5 31. Ne4 Kg7 32. c5 gxf5 33. Nxd6 e4 34. Qd4 Bxd6 35. Rxd6 Qe7 36. Bh4 Qe8 37. Qxf6+ Kg8 38. gxf5 e3 39. Rg1+ Bg6 40. Re6 Qf7 41. Qxf7+ Kxf7 42. fxg6+ hxg6 43. c6 Rg8 44. Rf1+ Kg7 45. Rf3 Kh6 46. Bf6 g5 47. Be5+ 1-0

[Event "Gyongyos Matra Cup"]
[Site "Gyongyos"]
[Date "2003.07.23"]
[Round "2"]
[White "Hidegh, Eszter"]
[Black "Bognarne, Cinolter"]
[Result "1-0"]
[WhiteElo "2181"]
[BlackElo "2047"]
[PlyCount "120"]
[EventDate "2003.07.22"]
[EventType "swiss"]
[EventRounds "9"]
[EventCountry "HUN"]
[SourceTitle "EXT 2005"]
[Source "ChessBase"]
[SourceDate "2004.11.15"]
[SourceVersion "1"]
[SourceVersionDate "2004.11.15"]
[SourceQuality "1"]

1. e4 c6 2. d4 d5 3. Nc3 dxe4 4. Nxe4 Nd7 5. Bc4 Ndf6 6. Ng5 e6 7. N1f3 h6 8. Nh3 Ne7 9. 0-0 Ned5 10. Ne5 Bd6 11. Re1 Qc7 12. Qe2 0-0 13. g4 b5 14. Bb3 Nh7 15. f4 Ne7 16. g5 Bxe5 17. dxe5 hxg5 18. fxg5 Rd8 19. c3 g6 20. Nf2 Nf5 21. Ng4 Qb6+ 22. Kh1 c5 23. Bc2 Bb7+ 24. Be4 c4 25. Nf6+ Kg7 26. Qg4 Bxe4+ 27. Rxe4 Rd3 28. Bf4 Qf2 29. Rae1 Rad8 30. R4e2 Qc5 31. Re4 Rh8 32. Kg2 Qc6 33. h4 Rhd8 34. h5 Nxf6 35. gxf6+ Kf8 36. hxg6 Rd2+ 37. Bxd2 Rxd2+ 38. Kf1 Qc5 39. Rd4 Nxd4 40. g7+ Kg8 41. Qh5 Rf2+ 42. Kxf2 Nf5+ 43. Kg2 Qd5+ 44. Kh2 Qd2+ 45. Re2 Qf4+ 46. Kg1 Qc1+ 47. Kg2 Nh6 48. Qf3 Qg5+ 49. Kh3 Kh7 50. Rg2 Qxe5 51. g8Q+ Nxg8 52. Qg4 Qe3+ 53. Kh2 Qh6+ 54. Kg1 Qc1+ 55. Kf2 Qd2+ 56. Kf3 Qd3+ 57. Kf4 Qd6+ 58. Kg5 Qe5+ 59. Kh4 Qxf6+ 60. Qg5 a6 1-0

[Event "Gyongyos Matra op 25th"]
[Site "Gyongyos"]
[Date "2002.07.26"]
[Round "4.15"]
[White "Bognarne, Cinolter"]
[Black "Nemeth, Jozsef"]
[Result "1/2-1/2"]
[WhiteElo "2080"]
[BlackElo "2187"]
[PlyCount "43"]
[EventDate "2002.08.04"]
[EventType "swiss"]
[EventRounds "9"]
[EventCountry "HUN"]
[SourceTitle "EXT 2004"]
[Source "ChessBase"]
[SourceDate "2003.11.25"]
[SourceVersion "1"]
[SourceVersionDate "2003.11.25"]
[SourceQuality "1"]

1. Nf3 g6 2. c4 Bg7 3. Nc3 Nf6 4. d4 d6 5. e3 Nbd7 6. Be2 0-0 7. 0-0 b6 8. Qc2 Bb7 9. b3 e5 10. dxe5 dxe5 11. Bb2 Re8 12. Rfd1 Qe7 13. Nb5 Qc5 14. Rd2 a6 15. Ba3 Qc6 16. Nc3 Nc5 17. Bxc5 Qxc5 18. Rad1 Qe7 19. h3 e4 20. Nh2 Rad8 21. Nf1 Rxd2 22. Qxd2 1/2-1/2

[Event "Gyongyos Matra op 25th"]
[Site "Gyongyos"]
[Date "2002.07.24"]
[Round "2.15"]
[White "Bognarne, Cinolter"]
[Black "Blasko, Istvan"]
[Result "0-1"]
[WhiteElo "2080"]
[BlackElo "2342"]
[PlyCount "86"]
[EventDate "2002.08.04"]
[EventType "swiss"]
[EventRounds "9"]
[EventCountry "HUN"]
[SourceTitle "EXT 2004"]
[Source "ChessBase"]
[SourceDate "2003.11.25"]
[SourceVersion "1"]
[SourceVersionDate "2003.11.25"]
[SourceQuality "1"]

1. e4 c5 2. Nf3 d6 3. d4 cxd4 4. Nxd4 Nf6 5. Nc3 Nc6 6. Be3 Ng4 7. Nxc6 bxc6 8. Bc1 Qb6 9. Qd2 g6 10. Na4 Qc7 11. h3 Nf6 12. Nc3 Bg7 13. Be2 0-0 14. 0-0 a5 15. Kh1 a4 16. a3 d5 17. Bf3 e6 18. Qe3 Nd7 19. Ne2 Nb6 20. Qc5 Nd7 21. Qe3 Ba6 22. c3 Rab8 23. Rd1 Nb6 24. exd5 cxd5 25. Nf4 Nc4 26. Nxe6 Qc8 27. Qe1 Qxe6 28. Bxd5 Qxe1+ 29. Rxe1 Nxb2 30. Re7 Bc4 31. Bc6 Nd3 32. Be3 Bb3 33. Bd4 Bxd4 34. cxd4 Rfd8 35. d5 Bxd5 36. Bxa4 Nxf2+ 37. Kg1 Ne4 38. Bc2 Nf6 39. a4 Rb2 40. Rc7 Bxg2 41. Kxg2 Rd2+ 42. Kf3 Rdxc2 43. Rxc2 Rxc2 0-1

[Event "HUN-ch KO"]
[Site "Budapest"]
[Date "2000.08.29"]
[Round "1.2"]
[White "Pesztericz, Laszlo"]
[Black "Bognarne, Cinolter"]
[Result "1-0"]
[WhiteElo "2162"]
[BlackElo "2040"]
[PlyCount "61"]
[EventDate "2000.08.28"]
[EventType "k.o."]
[EventRounds "6"]
[EventCountry "HUN"]
[SourceTitle "EXT 2001"]
[Source "ChessBase"]
[SourceDate "2000.11.22"]
[SourceVersion "1"]
[SourceVersionDate "2000.11.22"]
[SourceQuality "1"]

1. e4 c5 2. Nc3 Nc6 3. g3 g6 4. Bg2 Bg7 5. d3 d6 6. Be3 e5 7. Qd2 a6 8. Nge2 Nd4 9. 0-0 Bh3 10. f4 Bxg2 11. Kxg2 Nf6 12. f5 Ng4 13. Bxd4 cxd4 14. Nd5 0-0 15. c4 dxc3 16. Nexc3 b5 17. Qe2 Nf6 18. Nxf6+ Bxf6 19. Nd5 Kg7 20. Rac1 Ra7 21. h4 h6 22. Rf2 g5 23. Qg4 Rh8 24. hxg5 hxg5 25. Rfc2 Qa5 26. d4 Rd7 27. Nxf6 Kxf6 28. dxe5+ Kxe5 29. Qxg5 Rh7 30. f6+ Kxe4 31. Re2+ 1-0

[Event "Gyongyos Matra Cup"]
[Site "Gyongyos"]
[Date "2000.??.??"]
[Round "?"]
[White "Kovacs, Tamas"]
[Black "Bognarne, Cinolter"]
[Result "0-1"]
[WhiteElo "2195"]
[BlackElo "2035"]
[PlyCount "108"]
[EventDate "2000.07.??"]
[EventType "swiss"]
[EventRounds "9"]
[EventCountry "HUN"]
[SourceTitle "EXT 2004"]
[Source "ChessBase"]
[SourceDate "2003.11.25"]
[SourceVersion "1"]
[SourceVersionDate "2003.11.25"]
[SourceQuality "1"]

1. d4 Nf6 2. c4 g6 3. Nc3 c6 4. Bg5 Bg7 5. e4 d6 6. f3 Qa5 7. Qd2 h6 8. Be3 c5 9. d5 a6 10. Nge2 b5 11. Nc1 b4 12. N3e2 Nbd7 13. h3 Ne5 14. Ng3 Qc7 15. f4 Ned7 16. Bd3 a5 17. Nce2 Nb6 18. e5 Ng8 19. exd6 exd6 20. 0-0 Nf6 21. Rf3 Ba6 22. Qc2 a4 23. Re1 0-0-0 24. Nf1 Rde8 25. Nd2 Re7 26. Bf2 Rhe8 27. Bh4 Re3 28. Rf2 Nfxd5 29. Nf1 Rxd3 30. Qxd3 Bxc4 31. Qd2 Bd4 32. Nxd4 Rxe1 33. Qxe1 cxd4 34. Rc2 b3 35. axb3 axb3 36. Rc1 Nxf4 37. Qe8+ Kb7 38. Bd8 Qc6 39. Qxc6+ Kxc6 40. Kh2 Nd3 41. Ra1 Nxb2 42. Nd2 d5 43. Bf6 Nd3 44. Bxd4 b2 45. Ra3 f5 46. Kg3 Nd7 47. Bg7 N7c5 48. Kf3 Ne4 49. Nb1 Ne1+ 50. Kf4 Nxg2+ 51. Ke5 Ne1 52. Bxh6 Bd3 53. Nc3 Nxc3 54. Rxc3+ Bc4 0-1

[Event "Wch Seniors (Women) 09th"]
[Site "Gladenbach"]
[Date "1999.11.16"]
[Round "8"]
[White "Bognarne, Cinolter"]
[Black "Abdikasova, Panu"]
[Result "1-0"]
[WhiteElo "2035"]
[BlackElo "2075"]
[PlyCount "157"]
[EventDate "1999.11.07"]
[EventType "swiss"]
[EventRounds "11"]
[EventCountry "GER"]
[SourceTitle "EXT 2001"]
[Source "ChessBase"]
[SourceDate "2000.11.22"]
[SourceVersion "1"]
[SourceVersionDate "2000.11.22"]
[SourceQuality "1"]

1. e4 c5 2. Nf3 e6 3. d4 cxd4 4. Nxd4 Nf6 5. Bd3 Nc6 6. Nxc6 bxc6 7. c4 Qc7 8. Nc3 Be7 9. 0-0 0-0 10. Be3 d6 11. f4 e5 12. h3 exf4 13. Bxf4 Be6 14. c5 Rfd8 15. Qe2 Qa5 16. cxd6 Qc5+ 17. Kh1 Bxd6 18. e5 Nd5 19. exd6 Nxf4 20. Rxf4 Qxd6 21. Rf3 Re8 22. Qf2 Qc7 23. Rc1 a5 24. b3 Rad8 25. Qc5 h6 26. Bc4 Rd2 27. Bxe6 Rxe6 28. Rcf1 Rd7 29. Qc4 Ree7 30. Qf4 Qd8 31. Qg3 Re6 32. R1f2 Qe8 33. Qf4 Rf6 34. Qc4 Re6 35. Re2 Rxe2 36. Qxe2 Re7 37. Qc4 Re1+ 38. Rf1 Re3 39. Qd4 Qe6 40. Nd1 Rxh3+ 41. Kg1 Rh5 42. Qd8+ Kh7 43. Qd3+ g6 44. Qe3 Re5 45. Qa7 Kg8 46. Qc7 Rd5 47. Qf4 g5 48. Qc4 Kg7 49. Qc3+ Kg6 50. Ne3 Re5 51. Ng4 Rf5 52. Qd3 Qd5 53. Qxf5+ Qxf5 54. Rxf5 Kxf5 55. Ne3+ Ke4 56. Nc4 Kd4 57. Nxa5 c5 58. Nc4 Kc3 59. g4 f6 60. Kf2 Kd4 61. a4 Kd5 62. Ne3+ Kc6 63. Kf3 Kb6 64. Nc4+ Kc6 65. Ke4 Kb7 66. Kd5 Ka6 67. Nd6 Ka7 68. Nf5 Kb6 69. Nxh6 Ka6 70. Nf5 Kb7 71. Kxc5 Ka6 72. b4 Ka7 73. b5 Kb7 74. a5 Kb8 75. b6 Kb7 76. Nd6+ Ka8 77. Kc6 f5 78. Nxf5 Kb8 79. b7 1-0